| 000 | 00753nam a2200217Ii 4500 | ||
|---|---|---|---|
| 003 | JO-AjNU | ||
| 008 | 230605s9999||||xx |||||||||||||| ||und|| | ||
| 017 | _a21/0328 | ||
| 020 | _a9960-14-069-5 | ||
| 040 |
_aJO-AjNU _bara _erda _cJO-AjNU |
||
| 041 | _aara | ||
| 050 | 1 | 4 | _aTS155.N343 2001 |
| 100 | 3 |
_aنجم، نجم عبود , _eauthor _927741 |
|
| 245 | 0 | 0 | _aادارة العمليات: النظم والاساليب والاتجاهات الحديثة، ج2 |
| 264 | 3 | 1 | _aالسعودية: معهد الادارة العامة ، 2001 |
| 300 | _aج2: 911ص | ||
| 336 |
_atext _btxt _2rdacontent |
||
| 337 |
_aunmediated _bn _2rdamedia |
||
| 338 |
_avolume _bnc _2rdacarrier |
||
| 650 | 4 |
_aادارة الانتاج والعمليات _927742 |
|
| 999 |
_aA10677 _c14245 _d14245 |
||